=LDR 00000nam 2200000 4500 =001 NUTBA000000000001159 =005 20140414173938.0 =006 =007 =008 =020 ##$$a 978-602-98174-7-8 =035 ##$$a 0010-041400000000429 =082 ##$$a 028.5 =090 ##$$a 028.5 $b Kee a =100 ##$$a Keen Achroni =245 ##$$a Anak kreatif : Tumbuhan $c Keen Achroni =260 ##$$a Yogyakarta $b Javalitera $c 2011 =300 ##$$a 24 hlm $b ilus $c 27 cm =650 ##$$a Bacaan anak-anak =850 ##$$a NBPDMAT =990 ##$$a 94624/BPAP-NTB/2014 =990 ##$$a 21400613/BPAP-NTB/20142014 =990 ##$$a 0001/BPAP-NTB/20142014